[Event "Cannes - Festival International des Jeux"]
[Date "2026.02.27"]
[White "Adhiban, B."]
[Black "Shukhman, Anna"]
[WhiteElo "2557"]
[BlackElo "2431"]
[Round "7.7.2"]
[Result "0-1"]

d4 {[%emt 00:00:10] [%clk 01:30:50]} d5 {[%emt 00:00:10] [%clk 01:30:50]} Nf3
{[%emt 00:00:05] [%clk 01:31:14]} Nf6 {[%emt 00:00:09] [%clk 01:31:11]} Bg5
{[%emt 00:00:04] [%clk 01:31:40]} Nbd7 {[%emt 00:05:28] [%clk 01:26:14]} e3
{[%emt 00:01:19] [%clk 01:30:51]} e6 {[%emt 00:02:34] [%clk 01:24:10]} Nbd2
{[%emt 00:01:27] [%clk 01:30:08]} c5 {[%emt 00:03:30] [%clk 01:20:57]} c3 {[%emt
00:00:19] [%clk 01:30:19]} Bd6 {[%emt 00:03:27] [%clk 01:17:59]} Bd3 {[%emt
00:02:07] [%clk 01:28:42]} O-O {[%emt 00:03:09] [%clk 01:15:20]} O-O {[%emt
00:00:21] [%clk 01:28:51]} e5 {[%emt 00:04:22] [%clk 01:11:29]} dxe5 {[%emt
00:18:56] [%clk 01:10:26]} Nxe5 {[%emt 00:00:06] [%clk 01:11:53]} Nxe5 {[%emt
00:00:04] [%clk 01:10:51]} Bxe5 {[%emt 00:00:03] [%clk 01:12:20]} f4 {[%emt
00:00:07] [%clk 01:11:14]} Bc7 {[%emt 00:09:41] [%clk 01:03:09]} e4 {[%emt
00:02:41] [%clk 01:09:03]} c4 {[%emt 00:03:14] [%clk 01:00:25]} e5 {[%emt
00:01:26] [%clk 01:08:07]} cxd3 {[%emt 00:00:05] [%clk 01:00:50]} exf6 {[%emt
00:00:05] [%clk 01:08:31]} Qd6 {[%emt 00:05:10] [%clk 00:56:10]} Qf3 {[%emt
00:48:51] [%clk 00:20:10]} Bf5 {[%emt 00:08:22] [%clk 00:48:18]} Rfe1 {[%emt
00:15:19] [%clk 00:05:21]} Rfe8 {[%emt 00:02:43] [%clk 00:46:05]} Kf1 {[%emt
00:02:48] [%clk 00:03:04]} h6 {[%emt 00:13:42] [%clk 00:32:52]} Bh4 {[%emt
00:00:14] [%clk 00:03:19]} g5 {[%emt 00:01:22] [%clk 00:32:00]} Re5 {[%emt
00:02:26] [%clk 00:01:24]} Qxf6 {[%emt 00:05:41] [%clk 00:26:49]} Rxe8+ {[%emt
00:00:05] [%clk 00:01:49]} Rxe8 {[%emt 00:00:03] [%clk 00:27:16]} fxg5 {[%emt
00:00:04] [%clk 00:02:16]} hxg5 {[%emt 00:00:44] [%clk 00:27:02]} Re1 {[%emt
00:01:45] [%clk 00:01:00]} Rxe1+ {[%emt 00:06:45] [%clk 00:20:47]} Bxe1 {[%emt
00:00:05] [%clk 00:01:25]} Qe6 {[%emt 00:00:05] [%clk 00:21:12]} h3 {[%emt
00:01:21] [%clk 00:00:35]} Bf4 {[%emt 00:08:25] [%clk 00:13:17]} Nb3 {[%emt
00:00:18] [%clk 00:00:47]} Be4 {[%emt 00:01:54] [%clk 00:11:54]} Qg4 {[%emt
00:00:22] [%clk 00:00:55]} Qf6 {[%emt 00:00:35] [%clk 00:11:49]} Bf2 {[%emt
00:00:54] [%clk 00:00:31]} Be3 {[%emt 00:00:33] [%clk 00:11:46]} Qg3 {[%emt
00:00:04] [%clk 00:00:57]} d2 {[%emt 00:00:20] [%clk 00:11:56]} Nxd2 {[%emt
00:00:38] [%clk 00:00:49]} Bxd2 {[%emt 00:00:04] [%clk 00:12:23]} Qb8+ {[%emt
00:00:27] [%clk 00:00:53]} Kh7 {[%emt 00:01:02] [%clk 00:11:50]} Kg1 {[%emt
00:00:19] [%clk 00:01:04]} Bf4 {[%emt 00:01:08] [%clk 00:11:12]} Qxa7 {[%emt
00:00:11] [%clk 00:01:23]} Bd6 {[%emt 00:02:08] [%clk 00:09:34]} Qxb7 {[%emt
00:01:15] [%clk 00:00:38]} Bh2+ {[%emt 00:00:13] [%clk 00:09:50]}

[Site "Europe Echecs"]

[Event "Cannes - Festival International des Jeux"]
[Date "2026.02.27"]
[White "Nogerbek, Kazybek"]
[Black "Fiskaaen, Martin Holten"]
[WhiteElo "2539"]
[BlackElo "2301"]
[Round "7.7.3"]
[Result "1/2-1/2"]

d4 {[%emt 00:00:03] [%clk 01:30:56]} Nf6 {[%emt 00:00:14] [%clk 01:30:46]} c4
{[%emt 00:00:06] [%clk 01:31:20]} e6 {[%emt 00:00:09] [%clk 01:31:07]} Bf4
{[%emt 00:00:06] [%clk 01:31:44]} d5 {[%emt 00:03:35] [%clk 01:28:03]} cxd5
{[%emt 00:00:36] [%clk 01:31:38]} exd5 {[%emt 00:00:32] [%clk 01:28:01]} e3
{[%emt 00:00:14] [%clk 01:31:54]} Bd6 {[%emt 00:02:24] [%clk 01:26:07]} Bxd6
{[%emt 00:00:10] [%clk 01:32:13]} Qxd6 {[%emt 00:00:09] [%clk 01:26:29]} Bd3
{[%emt 00:00:10] [%clk 01:32:33]} O-O {[%emt 00:04:12] [%clk 01:22:47]} h3
{[%emt 00:01:12] [%clk 01:31:51]} Nbd7 {[%emt 00:04:09] [%clk 01:19:08]} Nc3
{[%emt 00:00:13] [%clk 01:32:08]} c6 {[%emt 00:10:44] [%clk 01:08:55]} Nf3
{[%emt 00:00:25] [%clk 01:32:12]} Qe7 {[%emt 00:01:32] [%clk 01:07:54]} Qc2
{[%emt 00:00:08] [%clk 01:32:34]} Re8 {[%emt 00:02:26] [%clk 01:05:57]} O-O
{[%emt 00:00:11] [%clk 01:32:51]} Ne4 {[%emt 00:03:35] [%clk 01:02:54]} a4
{[%emt 00:00:18] [%clk 01:33:04]} Ndf6 {[%emt 00:02:42] [%clk 01:00:42]} Ne5
{[%emt 00:00:12] [%clk 01:33:21]} Nd6 {[%emt 00:03:46] [%clk 00:57:27]} b4
{[%emt 00:04:24] [%clk 01:29:27]} g6 {[%emt 00:01:45] [%clk 00:56:12]} b5 {[%emt
00:19:59] [%clk 01:09:58]} c5 {[%emt 00:02:13] [%clk 00:54:30]} dxc5 {[%emt
00:00:13] [%clk 01:10:15]} Qxe5 {[%emt 00:00:11] [%clk 00:54:48]} cxd6 {[%emt
00:00:06] [%clk 01:10:39]} Qxd6 {[%emt 00:01:29] [%clk 00:53:49]} Rfd1 {[%emt
00:01:20] [%clk 01:09:49]} Qe5 {[%emt 00:06:00] [%clk 00:48:20]} Ne2 {[%emt
00:08:27] [%clk 01:01:51]} Be6 {[%emt 00:00:44] [%clk 00:48:07]} Qc5 {[%emt
00:02:13] [%clk 01:00:08]} Rec8 {[%emt 00:04:35] [%clk 00:44:02]} Qd4 {[%emt
00:00:48] [%clk 00:59:49]} Qxd4 {[%emt 00:02:18] [%clk 00:42:14]} Nxd4 {[%emt
00:03:10] [%clk 00:57:09]} Rc3 {[%emt 00:00:52] [%clk 00:41:52]} Ne2 {[%emt
00:04:28] [%clk 00:53:11]} Rc5 {[%emt 00:01:49] [%clk 00:40:33]} Rab1 {[%emt
00:00:52] [%clk 00:52:49]} Rac8 {[%emt 00:09:07] [%clk 00:31:56]} Rb4 {[%emt
00:00:31] [%clk 00:52:48]} Kf8 {[%emt 00:04:34] [%clk 00:27:53]} Rd4 {[%emt
00:01:40] [%clk 00:51:38]} Ke7 {[%emt 00:01:08] [%clk 00:27:15]} Kf1 {[%emt
00:00:39] [%clk 00:51:29]} Nd7 {[%emt 00:06:10] [%clk 00:21:35]} Ke1 {[%emt
00:02:31] [%clk 00:49:29]} R8c7 {[%emt 00:02:15] [%clk 00:19:50]} Nf4 {[%emt
00:03:34] [%clk 00:46:23]} Nf6 {[%emt 00:00:29] [%clk 00:19:52]} g4 {[%emt
00:04:14] [%clk 00:42:39]} h6 {[%emt 00:02:53] [%clk 00:17:30]} Ne2 {[%emt
00:05:29] [%clk 00:37:39]} Ne8 {[%emt 00:07:05] [%clk 00:10:55]} f3 {[%emt
00:02:40] [%clk 00:35:29]} g5 {[%emt 00:03:16] [%clk 00:08:09]} Rb4 {[%emt
00:01:26] [%clk 00:34:33]} Nd6 {[%emt 00:01:42] [%clk 00:06:57]} b6 {[%emt
00:01:02] [%clk 00:34:02]} axb6 {[%emt 00:00:15] [%clk 00:07:11]} Rxb6 {[%emt
00:00:08] [%clk 00:34:23]}

[Site "Europe Echecs"]

[Event "Cannes - Festival International des Jeux"]
[Date "2026.02.27"]
[White "Ratier-Fontana, Matteo"]
[Black "Benhadid, Jeilynn"]
[WhiteElo "2189"]
[BlackElo "1765"]
[Round "7.7.5"]
[Result "1-0"]

d4 {[%emt 00:21:43] [%clk 01:09:15]} Nf6 {[%emt 00:00:24] [%clk 01:30:37]} Bg5
{[%emt 00:00:26] [%clk 01:09:19]} c6 {[%emt 00:00:35] [%clk 01:30:33]} Bxf6
{[%emt 00:00:46] [%clk 01:09:03]} exf6 {[%emt 00:00:10] [%clk 01:30:53]} e3
{[%emt 00:01:48] [%clk 01:07:44]} d5 {[%emt 00:01:34] [%clk 01:29:49]} c4 {[%emt
00:02:22] [%clk 01:05:51]} dxc4 {[%emt 00:12:01] [%clk 01:18:19]} Bxc4 {[%emt
00:01:02] [%clk 01:05:19]} Bd6 {[%emt 00:00:56] [%clk 01:17:53]} Nc3 {[%emt
00:01:57] [%clk 01:03:51]} O-O {[%emt 00:02:36] [%clk 01:15:46]} Nf3 {[%emt
00:01:29] [%clk 01:02:52]} Bg4 {[%emt 00:02:33] [%clk 01:13:43]} h3 {[%emt
00:02:13] [%clk 01:01:09]} Bh5 {[%emt 00:02:51] [%clk 01:11:22]} g4 {[%emt
00:01:08] [%clk 01:00:30]} Bg6 {[%emt 00:00:16] [%clk 01:11:37]} Nh4 {[%emt
00:07:47] [%clk 00:53:14]} Kh8 {[%emt 00:06:26] [%clk 01:05:41]} Nxg6+ {[%emt
00:02:39] [%clk 00:51:04]} fxg6 {[%emt 00:01:17] [%clk 01:04:54]} h4 {[%emt
00:02:36] [%clk 00:48:58]} Qe7 {[%emt 00:11:36] [%clk 00:53:49]} Qc2 {[%emt
00:03:07] [%clk 00:46:21]} f5 {[%emt 00:05:52] [%clk 00:48:26]} gxf5 {[%emt
00:07:13] [%clk 00:39:38]} gxf5 {[%emt 00:00:48] [%clk 00:48:08]} Bd3 {[%emt
00:05:56] [%clk 00:34:13]} Qf6 {[%emt 00:07:58] [%clk 00:40:40]} a4 {[%emt
00:02:33] [%clk 00:32:09]} Nd7 {[%emt 00:12:16] [%clk 00:28:54]} O-O-O {[%emt
00:00:56] [%clk 00:31:43]} c5 {[%emt 00:02:18] [%clk 00:26:37]} Kb1 {[%emt
00:01:37] [%clk 00:30:35]} Rac8 {[%emt 00:03:26] [%clk 00:24:11]} dxc5 {[%emt
00:01:36] [%clk 00:29:29]} Nxc5 {[%emt 00:00:34] [%clk 00:24:07]} Bxf5 {[%emt
00:03:09] [%clk 00:26:49]} Qxf5 {[%emt 00:00:45] [%clk 00:23:52]} Qxf5 {[%emt
00:00:10] [%clk 00:27:09]} Rxf5 {[%emt 00:00:07] [%clk 00:24:15]} Rxd6 {[%emt
00:00:33] [%clk 00:27:06]} Rxf2 {[%emt 00:00:32] [%clk 00:24:13]} h5 {[%emt
00:00:11] [%clk 00:27:25]} h6 {[%emt 00:03:02] [%clk 00:21:42]} Rh4 {[%emt
00:06:27]} Nb3 {[%clk 00:17:06]} Rb4 {[%emt 00:06:48] [%clk 00:20:15]} Nd2+
{[%emt 00:03:31] [%clk 00:14:06]} Ka2 {[%emt 00:00:08] [%clk 00:20:37]} Nc4
{[%emt 00:01:58] [%clk 00:12:37]} Rd4 {[%emt 00:01:34] [%clk 00:19:33]} Nxe3
{[%emt 00:01:29] [%clk 00:11:39]} Rxb7 {[%emt 00:00:03] [%clk 00:20:00]} Rh2
{[%emt 00:05:10] [%clk 00:06:58]} Rxa7 {[%emt 00:06:00] [%clk 00:14:30]} Rxh5
{[%emt 00:00:57] [%clk 00:06:32]} a5 {[%emt 00:04:36] [%clk 00:10:24]} Rh2
{[%emt 00:04:48] [%clk 00:02:14]} Na4 {[%emt 00:03:49] [%clk 00:07:05]} Rb8
{[%emt 00:01:47] [%clk 00:00:56]} Nb6 {[%emt 00:00:22] [%clk 00:07:13]} h5
{[%emt 00:00:45] [%clk 00:00:41]} Rad7 {[%emt 00:04:06] [%clk 00:03:37]} h4
{[%emt 00:00:35] [%clk 00:00:37]} Rd8+ {[%emt 00:00:38] [%clk 00:03:29]} Rxd8
{[%emt 00:00:06] [%clk 00:01:00]} Rxd8+ {[%emt 00:00:03] [%clk 00:03:56]} Kh7
{[%emt 00:00:06] [%clk 00:01:25]} a6 {[%emt 00:00:07] [%clk 00:04:18]} Nc2
{[%emt 00:01:08] [%clk 00:00:47]} a7 {[%emt 00:00:04] [%clk 00:04:45]} Rh1
{[%emt 00:00:25] [%clk 00:00:51]} Kb3 {[%emt 00:00:42] [%clk 00:04:33]} Ra1
{[%emt 00:00:28] [%clk 00:00:54]} Na4 {[%emt 00:00:08] [%clk 00:04:55]} h3
{[%emt 00:00:43] [%clk 00:00:42]} a8=Q {[%emt 00:00:09] [%clk 00:05:15]} h2
{[%emt 00:00:12] [%clk 00:01:00]} Qe4+ {[%emt 00:00:10] [%clk 00:05:35]} g6
{[%emt 00:00:27] [%clk 00:01:03]} Qe7+ {[%emt 00:00:07] [%clk 00:05:58]}

[Site "Europe Echecs"]

[Event "Cannes - Festival International des Jeux"]
[Date "2026.02.27"]
[White "Bogdanov, Egor"]
[Black "Chan, Kim Yew"]
[WhiteElo "2502"]
[BlackElo "2400"]
[Round "7.7.6"]
[Result "1-0"]

e4 {[%emt 00:39:55]} c6 {[%emt 00:00:11]} d4 {[%emt 00:00:05]} d5 {[%emt
00:00:04]} e5 {[%emt 00:00:06]} Bf5 {[%emt 00:00:09]} c4 {[%emt 00:00:16]} e6
{[%emt 00:00:09]} Nc3 {[%emt 00:00:05]} Ne7 {[%emt 00:00:08]} Nge2 {[%emt
00:00:47]} dxc4 {[%emt 00:00:26]} Ng3 {[%emt 00:00:51]} b5 {[%emt 00:00:07]} a4
{[%emt 00:00:26]} b4 {[%emt 00:00:54]} Nce4 {[%emt 00:00:25]} Bxe4 {[%emt
00:00:02]} Nxe4 {[%emt 00:00:05]} Nf5 {[%emt 00:00:16]} Bxc4 {[%emt 00:00:27]}
Qxd4 {[%emt 00:03:00]} Qxd4 {[%emt 00:00:04]} Nxd4 {[%emt 00:00:10]} O-O {[%emt
00:00:04]} a6 {[%emt 00:10:53]} Rd1 {[%emt 00:24:22]} c5 {[%emt 00:00:37]} Bf4
{[%emt 00:09:16]} Nbc6 {[%emt 00:09:00]} Rac1 {[%emt 00:09:50]} Be7 {[%emt
00:03:13]} Kf1 {[%emt 00:11:25]} Na5 {[%emt 00:07:05]} Be3 {[%emt 00:04:13]}
Ndb3 {[%emt 00:04:58]} Bxb3 {[%emt 00:01:27]} Nxb3 {[%emt 00:00:02]} Rc2 {[%emt
00:00:33]} O-O {[%emt 00:02:09]} Rd3 {[%emt 00:05:39]} Rfc8 {[%emt 00:23:47]}
Rxb3 {[%emt 00:07:56]} c4 {[%emt 00:00:51]} Nd6 {[%emt 00:00:13]} Bxd6 {[%emt
00:01:38]} exd6 {[%emt 00:00:11]} cxb3 {[%emt 00:00:07]} Rxc8+ {[%emt 00:00:20]}
Rxc8 {[%emt 00:00:02]} Bb6 {[%emt 00:00:16]} Rc1+ {[%emt 00:04:02]} Ke2 {[%emt
00:00:04]} Rc2+ {[%emt 00:00:09]} Ke3 {[%emt 00:00:51]}

[Site "Europe Echecs"]

[Event "Cannes - Festival International des Jeux"]
[Date "2026.02.28"]
[White "Bogdanov, Egor"]
[Black "Larkin, Vladyslav"]
[WhiteElo "2502"]
[BlackElo "2478"]
[Round "8.8.1"]
[Result "1/2-1/2"]

c4 {[%emt 00:00:11] [%clk 01:30:48]} Nf6 {[%emt 00:00:23] [%clk 01:30:37]} Nc3
{[%emt 00:00:06] [%clk 01:31:12]} e6 {[%emt 00:00:13] [%clk 01:30:55]} Nf3
{[%emt 00:00:18] [%clk 01:31:24]} d5 {[%emt 00:00:11] [%clk 01:31:14]} cxd5
{[%emt 00:00:05] [%clk 01:31:50]} exd5 {[%emt 00:00:05] [%clk 01:31:39]} d4
{[%emt 00:00:03] [%clk 01:32:16]} c6 {[%emt 00:00:10] [%clk 01:32:00]} Bf4
{[%emt 00:00:19] [%clk 01:32:26]} Bd6 {[%emt 00:00:09] [%clk 01:32:21]} Bg3
{[%emt 00:00:40] [%clk 01:32:16]} O-O {[%emt 00:00:14] [%clk 01:32:37]} e3
{[%emt 00:00:04] [%clk 01:32:43]} Re8 {[%emt 00:00:17] [%clk 01:32:50]} Be2
{[%emt 00:00:37] [%clk 01:32:36]} h6 {[%emt 00:00:07] [%clk 01:33:13]} O-O
{[%emt 00:00:06] [%clk 01:33:00]} Bxg3 {[%emt 00:00:06] [%clk 01:33:37]} hxg3
{[%emt 00:00:04] [%clk 01:33:26]} Bf5 {[%emt 00:03:08] [%clk 01:30:59]} Rc1
{[%emt 00:01:23] [%clk 01:32:33]} Nbd7 {[%emt 00:00:05] [%clk 01:31:24]} Qb3
{[%emt 00:00:07] [%clk 01:32:56]}

[Site "Europe Echecs"]

[Event "Cannes - Festival International des Jeux"]
[Date "2026.02.28"]
[White "Shukhman, Anna"]
[Black "Droin, Augustin"]
[WhiteElo "2431"]
[BlackElo "2480"]
[Round "8.8.2"]
[Result "0-1"]

e4 {[%emt 00:00:03] [%clk 01:30:56]} c5 {[%emt 00:22:18] [%clk 01:08:42]} Nf3
{[%emt 00:00:05] [%clk 01:31:21]} d6 {[%emt 00:00:07] [%clk 01:09:05]} d4 {[%emt
00:00:03] [%clk 01:31:48]} cxd4 {[%emt 00:00:08] [%clk 01:09:27]} Nxd4 {[%emt
00:00:02] [%clk 01:32:16]} Nf6 {[%emt 00:00:04] [%clk 01:09:52]} Nc3 {[%emt
00:00:03] [%clk 01:32:43]} Bd7 {[%emt 00:01:10] [%clk 01:09:11]} Be2 {[%emt
00:00:30] [%clk 01:32:44]} e5 {[%emt 00:01:09] [%clk 01:08:32]} Ndb5 {[%emt
00:00:04] [%clk 01:33:10]} Bc6 {[%emt 00:00:11] [%clk 01:08:51]} Bg5 {[%emt
00:00:06] [%clk 01:33:33]} a6 {[%emt 00:00:07] [%clk 01:09:14]} Bxf6 {[%emt
00:00:03] [%clk 01:34:00]} gxf6 {[%emt 00:00:04] [%clk 01:09:40]} Na3 {[%emt
00:00:05] [%clk 01:34:26]} f5 {[%emt 00:00:42] [%clk 01:09:27]} Bf3 {[%emt
00:00:04] [%clk 01:34:52]} f4 {[%emt 00:00:03] [%clk 01:09:54]} O-O {[%emt
00:01:50] [%clk 01:33:32]} Nd7 {[%emt 00:05:08] [%clk 01:05:16]} Nd5 {[%emt
00:00:04] [%clk 01:33:59]} Rg8 {[%emt 00:01:55] [%clk 01:03:51]} c4 {[%emt
00:01:03] [%clk 01:33:25]} Rc8 {[%emt 00:03:32] [%clk 01:00:48]} Rc1 {[%emt
00:03:33] [%clk 01:30:22]} Be7 {[%emt 00:04:28] [%clk 00:56:50]} Nb1 {[%emt
00:07:06] [%clk 01:23:46]} Nc5 {[%emt 00:09:14] [%clk 00:48:07]} Bg4 {[%emt
00:09:49] [%clk 01:14:28]} Ne6 {[%emt 00:11:23] [%clk 00:37:14]} Nbc3 {[%emt
00:09:16] [%clk 01:05:41]} Bf8 {[%emt 00:07:13] [%clk 00:30:32]} f3 {[%emt
00:05:02] [%clk 01:01:08]} Be7 {[%emt 00:04:16] [%clk 00:26:45]} Qd2 {[%emt
00:04:49] [%clk 00:56:50]} Bd7 {[%emt 00:01:37] [%clk 00:25:39]} Rfd1 {[%emt
00:07:19] [%clk 00:50:00]} Bh4 {[%emt 00:04:29] [%clk 00:21:40]} Qd3 {[%emt
00:04:50] [%clk 00:45:40]} Rg6 {[%emt 00:01:55] [%clk 00:20:13]} b4 {[%emt
00:02:07] [%clk 00:44:05]} Kf8 {[%emt 00:01:11] [%clk 00:19:32]} Bf5 {[%emt
00:04:32] [%clk 00:40:03]} Rh6 {[%emt 00:01:29] [%clk 00:18:33]} Ne2 {[%emt
00:00:57] [%clk 00:39:36]} Bc6 {[%emt 00:02:31] [%clk 00:16:33]} Qa3 {[%emt
00:03:32] [%clk 00:36:34]} Kg7 {[%emt 00:05:21] [%clk 00:11:42]} c5 {[%emt
00:05:03] [%clk 00:32:01]} Bb5 {[%emt 00:01:24] [%clk 00:10:48]} Qb2 {[%emt
00:08:51] [%clk 00:23:40]} Bf2+ {[%emt 00:07:54] [%clk 00:03:25]} Kh1 {[%emt
00:02:37] [%clk 00:21:33]} Bxe2 {[%emt 00:02:42] [%clk 00:01:13]} Qxe2 {[%emt
00:00:03] [%clk 00:22:00]} Qh4 {[%emt 00:01:04] [%clk 00:00:39]} h3 {[%emt
00:04:45] [%clk 00:17:45]} dxc5 {[%emt 00:00:04] [%clk 00:01:05]} Bg4 {[%emt
00:03:25] [%clk 00:14:50]} Bd4 {[%emt 00:00:58] [%clk 00:00:36]} bxc5 {[%emt
00:01:01] [%clk 00:14:19]} Rxc5 {[%emt 00:00:09] [%clk 00:00:57]} Rxc5 {[%emt
00:00:39] [%clk 00:14:10]} Bxc5 {[%emt 00:00:41] [%clk 00:00:46]} Qb2 {[%emt
00:00:44] [%clk 00:13:56]} Nd4 {[%emt 00:00:24] [%clk 00:00:52]} Qxb7 {[%emt
00:00:39] [%clk 00:13:47]} Rg6 {[%emt 00:00:46] [%clk 00:00:36]} Qc7 {[%emt
00:02:56] [%clk 00:11:21]} Bd6 {[%emt 00:00:16] [%clk 00:00:50]} Qc3 {[%emt
00:00:03] [%clk 00:11:48]} h5 {[%emt 00:00:51]} Nxf4 {[%emt 00:02:54] [%clk
00:09:23]} hxg4 {[%emt 00:00:20] [%clk 00:00:40]} Nxg6 {[%emt 00:00:05] [%clk
00:09:49]} Kxg6 {[%emt 00:00:27] [%clk 00:00:43]} fxg4 {[%emt 00:00:28] [%clk
00:09:51]} Qf2 {[%emt 00:01:51] [%clk 00:29:50]} Qc4 {[%emt 00:02:31] [%clk
00:38:52]} Qf6 {[%emt 00:04:00] [%clk 00:26:21]} Rf1 {[%emt 00:01:15] [%clk
00:38:07]} Qe7 {[%emt 00:00:06] [%clk 00:26:45]} Qxa6 {[%emt 00:00:14] [%clk
00:38:23]} Kg7 {[%emt 00:00:12] [%clk 00:27:03]} a4 {[%emt 00:04:06] [%clk
00:34:47]} Qc7 {[%emt 00:00:47] [%clk 00:26:46]} Qd3 {[%emt 00:07:19] [%clk
00:27:58]} Bb4 {[%emt 00:01:40] [%clk 00:25:36]} g5 {[%emt 00:03:02] [%clk
00:25:26]} Qc6 {[%emt 00:01:44] [%clk 00:24:21]} Kh2 {[%emt 00:02:10] [%clk
00:23:46]} Ne6 {[%emt 00:05:49] [%clk 00:19:02]} Qf3 {[%emt 00:08:15] [%clk
00:16:01]} Nxg5 {[%emt 00:00:14] [%clk 00:19:19]} Qg3 {[%emt 00:00:11] [%clk
00:16:20]} Qg6 {[%emt 00:02:26] [%clk 00:17:23]} Qxe5+ {[%emt 00:00:06] [%clk
00:16:44]} f6 {[%emt 00:00:13] [%clk 00:17:40]} Qd4 {[%emt 00:01:59] [%clk
00:15:15]} Be7 {[%emt 00:00:09] [%clk 00:18:01]} Rf5 {[%emt 00:01:13] [%clk
00:14:32]} Nf7 {[%emt 00:01:12] [%clk 00:17:20]} Rd5 {[%emt 00:01:38] [%clk
00:13:23]} Qh6 {[%emt 00:00:28] [%clk 00:17:22]} Qf2 {[%emt 00:01:33] [%clk
00:12:20]} Qc1 {[%emt 00:00:43] [%clk 00:17:08]} Qg3+ {[%emt 00:03:22] [%clk
00:09:28]} Kf8 {[%emt 00:00:06] [%clk 00:17:32]} Qb8+ {[%emt 00:01:36] [%clk
00:08:22]} Kg7 {[%emt 00:00:03] [%clk 00:17:59]} Rd7 {[%emt 00:00:34] [%clk
00:08:18]} Bc5 {[%emt 00:04:13] [%clk 00:14:16]} Qg3+ {[%emt 00:00:59] [%clk
00:07:49]} Kf8 {[%emt 00:00:24] [%clk 00:14:22]} Qb8+ {[%emt 00:00:04] [%clk
00:08:14]} Kg7 {[%emt 00:00:02] [%clk 00:14:49]} Qg3+ {[%emt 00:00:35] [%clk
00:08:10]} Kf8 {[%emt 00:00:03] [%clk 00:15:16]} h4 {[%emt 00:00:15] [%clk
00:08:25]} Ne5 {[%emt 00:07:06] [%clk 00:08:40]} Rd8+ {[%emt 00:01:33] [%clk
00:07:21]} Ke7 {[%emt 00:01:25] [%clk 00:07:45]} Rd5 {[%emt 00:00:14] [%clk
00:07:37]} Bg1+ {[%emt 00:00:19] [%clk 00:07:57]} Kh3 {[%emt 00:00:34] [%clk
00:07:33]} Qc8+ {[%emt 00:00:04] [%clk 00:08:23]}

[Site "Europe Echecs"]